History of England comprising the reign of Queen Anne until the peace of Utrecht / (Record no. 130657)
[ view plain ]
| 000 -LEADER | |
|---|---|
| campo de control de longitud fija | 00749nam a2200205 i 4500 |
| 001 - NÚMERO DE CONTROL | |
| campo de control | 130657 |
| 003 - IDENTIFICADOR DE NÚMERO DE CONTROL | |
| campo de control | ES-MaACL |
| 005 - FECHA Y HORA DE LA ÚLTIMA TRANSACCIÓN | |
| campo de control | 20250911063550.0 |
| 007 - CAMPO FIJO DE DESCRIPCIÓN FÍSICA--INFORMACIÓN GENERAL | |
| campo de control de longitud fija | t| |
| 008 - DATOS DE LONGITUD FIJA--INFORMACIÓN GENERAL | |
| campo de control de longitud fija | 070803s1870 sp |||| | spa d |
| 100 1# - ENTRADA PRINCIPAL--NOMBRE DE PERSONA | |
| Nombre de persona | Stanhope, Philip Henry Stanhope, |
| Títulos y otros términos asociados al nombre | Earl, |
| Fechas asociadas al nombre | 1805-1875 |
| 9 (RLIN) | 107897 |
| 245 10 - MENCIÓN DEL TÍTULO | |
| Título | History of England comprising the reign of Queen Anne until the peace of Utrecht / |
| Mención de responsabilidad, etc. | by Earl Stanhope. |
| 260 ## - PUBLICACIÓN, DISTRIBUCIÓN, ETC. | |
| Lugar de publicación, distribución, etc. | Leipzig : |
| Nombre del editor, distribuidor, etc. | Bernhard Tauchnitz, |
| Fecha de publicación, distribución, etc. | 1870. |
| 300 ## - DESCRIPCIÓN FÍSICA | |
| Extensión | 2 t. en 1 v. ; |
| Dimensiones | 16 cm. |
| 490 1# - MENCIÓN DE SERIE | |
| Mención de serie | Collection of British authors ; |
| Designación de volumen o secuencia | 1089-90 |
| 651 #4 - PUNTO DE ACCESO ADICIONAL DE MATERIA--NOMBRE GEOGRÁFICO | |
| Nombre geográfico | Gran Bretaña- |
| Subdivisión general | Historia- |
| Subdivisión cronológica | 1702-1714, Ana. |
| 9 (RLIN) | 8753 |
| 830 0# - PUNTO DE ACCESO ADICIONAL DE SERIE-TÍTULO UNIFORME | |
| Título uniforme | Collection of British authors ; |
| Designación de volumen o secuencia | 1089-90 |
| 9 (RLIN) | 180703 |
| 852 ## - LOCALIZACIÓN | |
| Ubicación | ES-MaACL |
| Número de control de estantería | G-11970 |
| Estatus retirado | Estado de pérdida | Estado de daño | No para préstamo | Colección | Biblioteca de origen | Biblioteca actual | Ubicación en estantería | Fecha de adquisición | Fuente de adquisición | Total de préstamos | Signatura topográfica completa | Código de barras | Visto por última vez | Precio de reemplazo | Tipo de ítem Koha |
|---|---|---|---|---|---|---|---|---|---|---|---|---|---|---|---|
| Libros del s. XIX | Biblioteca del Ateneo de Madrid | Biblioteca del Ateneo de Madrid | Sala Pecera Planta 3 | 17/01/2008 | G-11970 | 1136037 | 23/02/2023 | 23/02/2023 | Libro impreso antiguo |
